000 00448nam a2200145Ia 4500
008 100122s9999 xx 000 0 und d
082 _b12852
_a900
100 _aए प्रताप
245 _aहमारा नया देश
260 _bआत्माराम अॅण्ड सन्स
_c1963
300 _a95
630 _aहमारा नया देश
730 _aहमारा नया देश
942 _cBOOK
999 _c382763
_d382760